Guess the Movie - Minimalistic Pictures #1 - Statistics

General Stats
  • This quiz has been taken 218 times
    212 since last reset
  • The average score is 11 of 20
Answer Stats
Picture Hint Answer % Correct
2002 Spider-Man
96%
2001 Harry Potter Series
94%
2004 The Incredibles
90%
2018 Venom
88%
2014 Big Hero 6
86%
1984 Ghostbusters
81%
2005 Mr. & Mrs. Smith
71%
2001 Ocean's Eleven
71%
1972 The Godfather
69%
2008 Twilight
56%
1997 Men in Black
55%
2004 Hellboy
52%
2006 Blood Diamond
46%
2015 The Hateful Eight
38%
1999 American Beauty
34%
1996 Fargo
33%
1984 The Karate Kid
29%
2014 Gone Girl
17%
2015 Southpaw
15%
2012 Project X
14%
No matching quizzes found
Score Distribution
Percent of People with Each Score
Percentile by Number Answered
Your Score History
You have not taken this quiz since the last reset